000 00386nam a2200133Ia 4500
008 100328s9999 xx 000 0 und d
082 _b6849
100 _aदत्त प्रफुल्ल
245 _aतो दिवस
260 _bओरिएन्ट लौंगर्मेन्स
630 _aतो दिवस
730 _aतो दिवस
942 _cBOOK
999 _c502713
_d502710